|
|
|
|
| LEADER |
00000nab a2200000 a 4500 |
| 001 |
vtls000222424 |
| 003 |
SK-MaSNL |
| 005 |
20260304063008.0 |
| 008 |
250422c1985 xo 0 slo |
| 015 |
|
|
|a SNBRB19rr/mm-uuuuu
|
| 035 |
|
|
|a CL0232538
|
| 035 |
|
|
|a urn:nbn:sk:snk-abd0fr
|
| 035 |
|
|
|a (urnnbn)urn:nbn:sk:snk:ar-007di5
|
| 035 |
|
|
|a (uuid)8ad03486-d524-4ff1-a618-bff3554a930e
|
| 040 |
|
|
|a SNKBUCL
|b slo
|c SNKBUCL
|e AACR2
|
| 041 |
0 |
|
|a slo
|
| 044 |
|
|
|a xo
|c SK
|
| 080 |
|
|
|a 347.75
|2 1981
|
| 100 |
1 |
|
|a Plank, Karol,
|d 1927-1997
|4 aut
|9 192329
|
| 245 |
1 |
0 |
|a Účastníci poistnej zmluvy a účastníci poistného pomeru
|c Karol Plank
|
| 300 |
|
|
|b Lit. 6 zázn. v slov., nem.
|
| 650 |
0 |
7 |
|a zmluvy občianskoprávne
|2 snkbucl
|9 1348976
|
| 655 |
|
7 |
|a články z novín a časopisov
|2 snkbucl
|9 267496
|
| 773 |
0 |
|
|t Socialistické súdnictvo
|g Roč. 37, č. 6 (1985), s. 17-25
|
| 850 |
|
|
|a Slovenská národná knižnica
|
| 852 |
|
|
|a Slovenská národná knižnica
|
| 954 |
|
|
|a odborná, vedecká literatúra pôvodná (slovenská)
|2 lita
|
| 958 |
|
|
|a article17
|
| 958 |
|
|
|a NB
|
| 958 |
|
|
|a RK
|
| 958 |
|
|
|a OND
|
| 958 |
|
|
|a EUIPO
|
| 992 |
|
|
|a RBX
|
| 999 |
|
|
|c 2740577
|d 2742507
|